Statistics for New England Patriots: Most Passing TDs Each Year

Click here to take the quiz!

General Stats

  • This quiz has been taken 807 times
    (343 since last reset)
  • The average score is 37 of 63

Answer Stats

YearPlayerTDs% Correct
2015Tom Brady36
100%
2019Tom Brady24
100%
2017Tom Brady32
100%
2001Tom Brady18
100%
2002Tom Brady28
100%
2003Tom Brady23
100%
2004Tom Brady28
100%
2005Tom Brady26
100%
2006Tom Brady24
100%
2016Tom Brady28
100%
2007Tom Brady50
100%
2009Tom Brady28
100%
2010Tom Brady36
100%
2011Tom Brady39
100%
2012Tom Brady34
100%
2013Tom Brady25
100%
2014Tom Brady33
100%
2018Tom Brady29
100%
2022Mac Jones14
95%
2021Mac Jones22
95%
1997Drew Bledsoe28
91%
1993Drew Bledsoe15
91%
2000Drew Bledsoe17
91%
1999Drew Bledsoe19
91%
1998Drew Bledsoe20
91%
1996Drew Bledsoe27
91%
1995Drew Bledsoe13
91%
1994Drew Bledsoe25
91%
2020Cam Newton8
83%
2008Matt Cassel21
58%
1975Steve Grogan11
40%
1980Steve Grogan18
40%
1979Steve Grogan28
40%
1976Steve Grogan18
40%
1977Steve Grogan17
40%
1981Steve Grogan7
40%
1989Steve Grogan9
40%
1978Steve Grogan15
40%
1987Steve Grogan10
40%
1982Steve Grogan7
40%
1983Steve Grogan15
40%
1986Tony Eason19
27%
1985Tony Eason11
27%
1984Tony Eason23
27%
1972Jim Plunkett8
26%
1971Jim Plunkett19
26%
1973Jim Plunkett13
26%
1974Jim Plunkett19
26%
1988Doug Flutie8
22%
1967Babe Parilli19
16%
1966Babe Parilli20
16%
1965Babe Parilli18
16%
1964Babe Parilli31
16%
1963Babe Parilli13
16%
1962Babe Parilli18
16%
1990Marc Wilson6
10%
1991Hugh Millen9
9%
1992Hugh Millen8
9%
1970Mike Taliaferro4
7%
1969Mike Taliaferro19
7%
1961Butch Songin14
5%
1960Butch Songin22
5%
1968Tom Sherman12
5%

Score Distribution

Percentile by Number Answered

Percent of People with Each Score

Your Score History

You have not taken this quiz since the last reset